<?xml version="1.0" encoding="UTF-8"?>
<record
    xmlns:xsi="http://www.w3.org/2001/XMLSchema-instance"
    xsi:schemaLocation="http://www.loc.gov/MARC21/slim http://www.loc.gov/standards/marcxml/schema/MARC21slim.xsd"
    xmlns="http://www.loc.gov/MARC21/slim">

  <leader>02864nam0a22003611  4500</leader>
  <controlfield tag="001">rc\280655</controlfield>
  <controlfield tag="005">20250621014811.0</controlfield>
  <datafield tag="035" ind1=" " ind2=" ">
    <subfield code="a">(NLR Aleph) 005507918</subfield>
  </datafield>
  <datafield tag="090" ind1=" " ind2=" ">
    <subfield code="a">5375073</subfield>
    <subfield code="c">5375073</subfield>
  </datafield>
  <datafield tag="100" ind1=" " ind2=" ">
    <subfield code="a">20030307d1990    |||y0rusy50      ca</subfield>
  </datafield>
  <datafield tag="101" ind1="0" ind2=" ">
    <subfield code="a">rus</subfield>
  </datafield>
  <datafield tag="102" ind1=" " ind2=" ">
    <subfield code="a">RU</subfield>
  </datafield>
  <datafield tag="105" ind1=" " ind2=" ">
    <subfield code="a">y   |||||||||</subfield>
  </datafield>
  <datafield tag="200" ind1="1" ind2=" ">
    <subfield code="a">&#x41E;&#x441;&#x432;&#x43E;&#x431;&#x43E;&#x436;&#x434;&#x435;&#x43D;&#x438;&#x435; &#x417;&#x435;&#x43C;&#x43B;&#x438;</subfield>
    <subfield code="e">&#x410;&#x43D;&#x433;&#x43B;. &#x438; &#x430;&#x43C;&#x435;&#x440;. &#x444;&#x430;&#x43D;&#x442;&#x430;&#x441;&#x442;.</subfield>
    <subfield code="f">[&#x41F;&#x435;&#x440;. &#x441; &#x430;&#x43D;&#x433;&#x43B;. &#x438; &#x441;&#x43E;&#x441;&#x442;. &#x412;.&#x41F;. &#x41A;&#x43E;&#x432;&#x430;&#x43B;&#x435;&#x432;&#x441;&#x43A;&#x43E;&#x433;&#x43E;]</subfield>
  </datafield>
  <datafield tag="210" ind1=" " ind2=" ">
    <subfield code="a">&#x41C;.</subfield>
    <subfield code="c">&#x41F;&#x440;&#x43E;&#x43C;&#x435;&#x442;&#x435;&#x439;</subfield>
    <subfield code="d">1990</subfield>
  </datafield>
  <datafield tag="215" ind1=" " ind2=" ">
    <subfield code="a">250, [2] &#x441;.</subfield>
    <subfield code="d">22</subfield>
  </datafield>
  <datafield tag="327" ind1="1" ind2=" ">
    <subfield code="a">&#x421;&#x43E;&#x434;&#x435;&#x440;&#x436;.: &#x417;&#x432;&#x435;&#x437;&#x434;&#x43E;&#x440;&#x443;&#x431;&#x44B; / &#x413;. &#x413;&#x430;&#x440;&#x440;&#x438;&#x441;&#x43E;&#x43D;. &#x41E;&#x441;&#x432;&#x43E;&#x431;&#x43E;&#x436;&#x434;&#x435;&#x43D;&#x438;&#x435; &#x417;&#x435;&#x43C;&#x43B;&#x438;; &#x41A;&#x443;&#x440;&#x441; &#x43D;&#x430; &#x412;&#x43E;&#x441;&#x442;&#x43E;&#x43A; / &#x423;. &#x422;&#x44D;&#x43D;&#x43D;. &#x422;&#x430;&#x43D;&#x435;&#x446; &#x421;&#x43E;&#x43B;&#x43D;&#x446;&#x430; / &#x420;. &#x421;&#x438;&#x43B;&#x432;&#x435;&#x440;&#x431;&#x435;&#x440;&#x433;. &#x427;&#x438;&#x441;&#x442;&#x43E; &#x43B;&#x43E;&#x433;&#x438;&#x447;&#x435;&#x441;&#x43A;&#x438;&#x43C; &#x43F;&#x443;&#x442;&#x435;&#x43C; / &#x413;. &#x428;&#x435;&#x43D;&#x444;&#x435;&#x43B;&#x44C;&#x434;. &#x41A;&#x43B;&#x435;&#x442;&#x43A;&#x430; / &#x411;. &#x427;&#x430;&#x43D;&#x434;&#x43B;&#x435;&#x440;. &#x427;&#x435;&#x440;&#x43D;&#x44B;&#x439; &#x434;&#x435;&#x43D;&#x44C; &#x434;&#x43B;&#x44F; &#x43F;&#x430;&#x440;&#x430;&#x437;&#x438;&#x442;&#x43E;&#x432; / &#x41A;. &#x41B;&#x43E;&#x43C;&#x435;&#x440;. &#x41E;&#x43F;&#x430;&#x441;&#x43D;&#x430;&#x44F; &#x434;&#x438;&#x447;&#x44C; / &#x42D;. &#x423;&#x44D;&#x43B;&#x43B;&#x435;&#x43D;. &#x41F;&#x43E;&#x43B;&#x43D;&#x43E;&#x447;&#x43D;&#x44B;&#x439; &#x430;&#x43B;&#x442;&#x430;&#x440;&#x44C; / &#x421;.&#x41C;. &#x41A;&#x43E;&#x440;&#x43D;&#x431;&#x43B;&#x430;&#x442;. &#x42F; &#x441;&#x43E;&#x442;&#x432;&#x43E;&#x440;&#x438;&#x43B; &#x442;&#x435;&#x431;&#x44F; / &#x423;.&#x41C;. &#x41C;&#x438;&#x43B;&#x43B;&#x435;&#x440;-&#x43C;&#x43B;&#x430;&#x434;&#x448;&#x438;&#x439;, &#x438; &#x43F;&#x440;&#x43E;&#x438;&#x437;&#x432;&#x435;&#x434;&#x435;&#x43D;&#x438;&#x44F; &#x434;&#x440;. &#x430;&#x432;&#x442;.</subfield>
  </datafield>
  <datafield tag="464" ind1=" " ind2="0">
    <subfield code="1">2001#$a&#x417;&#x432;&#x435;&#x437;&#x434;&#x43E;&#x440;&#x443;&#x431;&#x44B;</subfield>
    <subfield code="1">700#1$a&#x413;&#x430;&#x440;&#x440;&#x438;&#x441;&#x43E;&#x43D;$b&#x413;.$g&#x413;&#x430;&#x440;&#x440;&#x438;$c&#x43F;&#x438;&#x441;&#x430;&#x442;&#x435;&#x43B;&#x44C;-&#x444;&#x430;&#x43D;&#x442;&#x430;&#x441;&#x442;$f1925-2012$3RU\NLR\AUTH\774785</subfield>
    <subfield code="t">&#x417;&#x432;&#x435;&#x437;&#x434;&#x43E;&#x440;&#x443;&#x431;&#x44B;</subfield>
    <subfield code="a">&#x413;&#x430;&#x440;&#x440;&#x438;&#x441;&#x43E;&#x43D;, &#x413;&#x430;&#x440;&#x440;&#x438; (&#x43F;&#x438;&#x441;&#x430;&#x442;&#x435;&#x43B;&#x44C;-&#x444;&#x430;&#x43D;&#x442;&#x430;&#x441;&#x442; ; 1925-2012)</subfield>
  </datafield>
  <datafield tag="464" ind1=" " ind2="0">
    <subfield code="1">2001#$a&#x41E;&#x441;&#x432;&#x43E;&#x431;&#x43E;&#x436;&#x434;&#x435;&#x43D;&#x438;&#x435; &#x417;&#x435;&#x43C;&#x43B;&#x438;</subfield>
    <subfield code="1">700#1$a&#x422;&#x44D;&#x43D;&#x43D;$b&#x423;.</subfield>
    <subfield code="t">&#x41E;&#x441;&#x432;&#x43E;&#x431;&#x43E;&#x436;&#x434;&#x435;&#x43D;&#x438;&#x435; &#x417;&#x435;&#x43C;&#x43B;&#x438;</subfield>
    <subfield code="a">&#x422;&#x44D;&#x43D;&#x43D;, &#x423;.</subfield>
  </datafield>
  <datafield tag="464" ind1=" " ind2="0">
    <subfield code="1">2001#$a&#x41A;&#x443;&#x440;&#x441; &#x43D;&#x430; &#x412;&#x43E;&#x441;&#x442;&#x43E;&#x43A;</subfield>
    <subfield code="1">700#1$a&#x422;&#x44D;&#x43D;&#x43D;$b&#x423;.</subfield>
    <subfield code="t">&#x41A;&#x443;&#x440;&#x441; &#x43D;&#x430; &#x412;&#x43E;&#x441;&#x442;&#x43E;&#x43A;</subfield>
    <subfield code="a">&#x422;&#x44D;&#x43D;&#x43D;, &#x423;.</subfield>
  </datafield>
  <datafield tag="464" ind1=" " ind2="0">
    <subfield code="1">2001#$a&#x422;&#x430;&#x43D;&#x435;&#x446; &#x421;&#x43E;&#x43B;&#x43D;&#x446;&#x430;</subfield>
    <subfield code="1">700#1$a&#x421;&#x438;&#x43B;&#x432;&#x435;&#x440;&#x431;&#x435;&#x440;&#x433;$b&#x420;.$f1936-$g&#x420;&#x43E;&#x431;&#x435;&#x440;&#x442;$3RU\NLR\AUTH\7713619</subfield>
    <subfield code="t">&#x422;&#x430;&#x43D;&#x435;&#x446; &#x421;&#x43E;&#x43B;&#x43D;&#x446;&#x430;</subfield>
    <subfield code="a">&#x421;&#x438;&#x43B;&#x432;&#x435;&#x440;&#x431;&#x435;&#x440;&#x433;, &#x420;&#x43E;&#x431;&#x435;&#x440;&#x442; (1936-)</subfield>
  </datafield>
  <datafield tag="464" ind1=" " ind2="0">
    <subfield code="1">2001#$a&#x427;&#x438;&#x441;&#x442;&#x43E; &#x43B;&#x43E;&#x433;&#x438;&#x447;&#x435;&#x441;&#x43A;&#x438;&#x43C; &#x43F;&#x443;&#x442;&#x435;&#x43C;</subfield>
    <subfield code="1">700#1$a&#x428;&#x435;&#x43D;&#x444;&#x435;&#x43B;&#x44C;&#x434;$b&#x413;.</subfield>
    <subfield code="t">&#x427;&#x438;&#x441;&#x442;&#x43E; &#x43B;&#x43E;&#x433;&#x438;&#x447;&#x435;&#x441;&#x43A;&#x438;&#x43C; &#x43F;&#x443;&#x442;&#x435;&#x43C;</subfield>
    <subfield code="a">&#x428;&#x435;&#x43D;&#x444;&#x435;&#x43B;&#x44C;&#x434;, &#x413;.</subfield>
  </datafield>
  <datafield tag="464" ind1=" " ind2="0">
    <subfield code="1">2001#$a&#x41A;&#x43B;&#x435;&#x442;&#x43A;&#x430;</subfield>
    <subfield code="1">700#1$a&#x427;&#x430;&#x43D;&#x434;&#x43B;&#x435;&#x440;$b&#x411;.</subfield>
    <subfield code="t">&#x41A;&#x43B;&#x435;&#x442;&#x43A;&#x430;</subfield>
    <subfield code="a">&#x427;&#x430;&#x43D;&#x434;&#x43B;&#x435;&#x440;, &#x411;.</subfield>
  </datafield>
  <datafield tag="464" ind1=" " ind2="0">
    <subfield code="1">2001#$a&#x427;&#x435;&#x440;&#x43D;&#x44B;&#x439; &#x434;&#x435;&#x43D;&#x44C; &#x434;&#x43B;&#x44F; &#x43F;&#x430;&#x440;&#x430;&#x437;&#x438;&#x442;&#x43E;&#x432;</subfield>
    <subfield code="1">700#1$a&#x41B;&#x430;&#x443;&#x43C;&#x435;&#x440;$b&#x41A;.$f1925-1993$g&#x41A;&#x435;&#x439;&#x442;$3RU\NLR\AUTH\770235237</subfield>
    <subfield code="t">&#x427;&#x435;&#x440;&#x43D;&#x44B;&#x439; &#x434;&#x435;&#x43D;&#x44C; &#x434;&#x43B;&#x44F; &#x43F;&#x430;&#x440;&#x430;&#x437;&#x438;&#x442;&#x43E;&#x432;</subfield>
    <subfield code="a">&#x41B;&#x430;&#x443;&#x43C;&#x435;&#x440;, &#x41A;&#x435;&#x439;&#x442; (1925-1993)</subfield>
  </datafield>
  <datafield tag="464" ind1=" " ind2="0">
    <subfield code="1">2001#$a&#x41E;&#x43F;&#x430;&#x441;&#x43D;&#x430;&#x44F; &#x434;&#x438;&#x447;&#x44C;</subfield>
    <subfield code="1">700#1$a&#x423;&#x44D;&#x43B;&#x43B;&#x435;&#x43D;$b&#x42D;.</subfield>
    <subfield code="t">&#x41E;&#x43F;&#x430;&#x441;&#x43D;&#x430;&#x44F; &#x434;&#x438;&#x447;&#x44C;</subfield>
    <subfield code="a">&#x423;&#x44D;&#x43B;&#x43B;&#x435;&#x43D;, &#x42D;.</subfield>
  </datafield>
  <datafield tag="464" ind1=" " ind2="0">
    <subfield code="1">2001#$a&#x41F;&#x43E;&#x43B;&#x43D;&#x43E;&#x447;&#x43D;&#x44B;&#x439; &#x430;&#x43B;&#x442;&#x430;&#x440;&#x44C;</subfield>
    <subfield code="1">700#1$a&#x41A;&#x43E;&#x440;&#x43D;&#x431;&#x43B;&#x430;&#x442;$b&#x421;. &#x41C;.</subfield>
    <subfield code="t">&#x41F;&#x43E;&#x43B;&#x43D;&#x43E;&#x447;&#x43D;&#x44B;&#x439; &#x430;&#x43B;&#x442;&#x430;&#x440;&#x44C;</subfield>
    <subfield code="a">&#x41A;&#x43E;&#x440;&#x43D;&#x431;&#x43B;&#x430;&#x442;, &#x421;. &#x41C;.</subfield>
  </datafield>
  <datafield tag="464" ind1=" " ind2="0">
    <subfield code="1">2001#$a&#x42F; &#x441;&#x43E;&#x442;&#x432;&#x43E;&#x440;&#x438;&#x43B; &#x442;&#x435;&#x431;&#x44F;</subfield>
    <subfield code="1">700#1$a&#x41C;&#x438;&#x43B;&#x43B;&#x435;&#x440;-&#x43C;&#x43B;&#x430;&#x434;&#x448;&#x438;&#x439;$b&#x423;. &#x41C;.</subfield>
    <subfield code="t">&#x42F; &#x441;&#x43E;&#x442;&#x432;&#x43E;&#x440;&#x438;&#x43B; &#x442;&#x435;&#x431;&#x44F;</subfield>
    <subfield code="a">&#x41C;&#x438;&#x43B;&#x43B;&#x435;&#x440;-&#x43C;&#x43B;&#x430;&#x434;&#x448;&#x438;&#x439;, &#x423;. &#x41C;.</subfield>
  </datafield>
  <datafield tag="801" ind1=" " ind2="0">
    <subfield code="a">RU</subfield>
    <subfield code="b">NLR</subfield>
    <subfield code="g">psbo</subfield>
  </datafield>
  <datafield tag="801" ind1=" " ind2="1">
    <subfield code="a">RU</subfield>
    <subfield code="b">ELAR</subfield>
    <subfield code="2">rusmarc</subfield>
  </datafield>
  <datafield tag="852" ind1=" " ind2=" ">
    <subfield code="a">NLR</subfield>
    <subfield code="j">90-5/3582</subfield>
  </datafield>
  <datafield tag="942" ind1=" " ind2=" ">
    <subfield code="c">BOOK</subfield>
  </datafield>
  <datafield tag="980" ind1=" " ind2=" ">
    <subfield code="a">NB</subfield>
  </datafield>
  <datafield tag="995" ind1=" " ind2=" ">
    <subfield code="5">2013-10-26</subfield>
    <subfield code="b">NLR01</subfield>
    <subfield code="c">NLR01</subfield>
    <subfield code="e">RF9</subfield>
    <subfield code="f">5507918-10</subfield>
    <subfield code="k">90-5/3582</subfield>
    <subfield code="o">0</subfield>
    <subfield code="r">BOOK</subfield>
    <subfield code="s">9053582_</subfield>
  </datafield>
</record>
